000 00431nam a2200169Ia 4500
001 8854
003 IN-NITTTR
005 20251114233042.0
008 251113s9999||||xx |||||||||||||| ||eng||
040 _beng
040 _cIN-NITTTR
041 _aeng
082 _a510 U6P
100 _aUspensky, V. A.
245 0 _aPascal's Triangle :
_b certain applications of mechanics to mathematics. /
_cUspensky, V. A.
942 _2ddc
_cBK
999 _c11491
_d11491